00273nam a22000977a 4500008004100000082001800041100003300059245002500092260004900117300000900166230623b xxu||||| |||| 00| 0 eng d a330.97bMOFEP cCentral Bureau of Statistics aEconomic Survey 1974 aNairobibKenya National Bureau of Statistics a216p